| 000 | 00322cam a2200121ua 4500 | ||
|---|---|---|---|
| 020 | _a9789380578576 | ||
| 082 |
_a621.8076 _bMUR/EL |
||
| 100 | _aMurthy, Trymbaka . | ||
| 245 | _aElements of mechanical engineering / | ||
| 260 |
_aNew Delhi : _bI.K International Publishing House , _c2008. |
||
| 300 | _a ; . | ||
| 942 | _cBK | ||
| 999 |
_c13387 _d13387 |
||